000 00559nac a22001691u 4500
020 _a818845818x
082 _a621.38
_bG275
090 _c905
_d905
100 _aGautam, A. K.
245 1 0 _aMicrowave engineering /
_cA. K. Gautam.
260 _aNew Delhi :
_bKatson books,
_c2004.
300 _a490 p.
_bill. ;
_c24 cm.
504 _aIncludes bibliography.
650 0 _aMicrowaves.
942 _cBB
_k621.38G275
999 _c905
_d905